| 000 | 01064cab a2200265 4500 | ||
|---|---|---|---|
| 001 | ABS54257 | ||
| 008 | 090401t1996 xxu||||| |||| 00| 0 eng d | ||
| 035 | _a(Sirsi) u9334 | ||
| 041 | _aeng | ||
| 100 | _aBarnes, M. | ||
| 245 | _aNew engineering contract - an update | ||
| 260 | _c1996 | ||
| 350 | _a0 | ||
| 490 |
_aInternational Construction Law Review _v13(1) January 1996, 89-96(8) |
||
| 520 | _aExplains the distinctive features of the New Engineering Contract family of documents and how it is being used internationally. Developments of the last two years are described. These include publication of the NEC Professional Services Contract and the NEC Adjudicator`s Contract. | ||
| 650 | _aADJUDICATION CONTRACTS | ||
| 650 | _aBUILT ENVIRONMENT-BUILDING CONTRACT FORMS | ||
| 650 | _aCIVIL ENGINEERING CONTRACTS | ||
| 650 | _aENGINEERING AND CONSTRUCTION CONTRACT | ||
| 650 | _aNEW ENGINEERING CONTRACT | ||
| 650 | _aPROFESSIONAL SERVICES CONTRACT | ||
| 690 | _aBUILT ENVIRONMENT-BUILDING CONTRACT FORMS | ||
| 942 | _n0 | ||
| 948 | _c04/03/1997 | ||
| 999 |
_c5814 _d5814 |
||